|
|
|
|
| LEADER |
000000ss a2200000 a 4500 |
| 001 |
73106 |
| 005 |
20230308222252.0 |
| 008 |
000000| ||||||||r|||||||||||spa|| |
| 040 |
|
|
|b spa
|
| 041 |
0 |
|
|a Es
|
| 082 |
0 |
|
|a 621.388
|b 73106
|
| 110 |
|
|
|a Visual electronics international
|9 307317
|
| 245 |
|
|
|a Radio y televisión: revista internacional de la industria radial
|c Visual Electronics International
|h imp
|
| 264 |
|
|
|a New York
|c 1964
|
| 300 |
|
|
|b ilus.
|
| 362 |
|
|
|a v. 1; n. 5, 7
|
| 504 |
|
|
|a inc. ref.
|
| 650 |
1 |
|
|a Radio
|9 9985
|
| 650 |
1 |
|
|a Television
|9 9986
|
| 650 |
1 |
|
|a Medios de comunicacion
|9 1132
|
| 852 |
|
|
|a UC-CDJBV
|f Compra
|k mariana.quezada
|l 1
|m General
|p 00000000
|t 73106
|b 0
|d CDRC
|e CDRC
|g 621.388 73106
|z 0000-00-00
|
| 942 |
|
|
|c SER
|
| 999 |
|
|
|c 140254
|d 140254
|